| 000 | 00703cam a2200241 04500 | ||
|---|---|---|---|
| 001 | 42631 | ||
| 021 | _b97285/96 | ||
| 090 | _a42631 | ||
| 100 | _a19960706d1996 m y0pory5003 ba | ||
| 101 | 0 | _apor | |
| 102 | _aPT | ||
| 200 | 1 |
_aTécnicas de comunicacão _epublicidade, propaganda, relacões públicas _fJ. Martins Lampreia _gpref. Philippe Dupont |
|
| 205 | _a7<U+00AA> ed | ||
| 210 | 9 |
_aMem Martins _cPublicações Europa-América, _dD.L. 1996 |
|
| 215 |
_a139 p. _d18 cm |
||
| 225 | 2 |
_aSaber _v140 |
|
| 675 |
_a659 _vBN _zpor |
||
| 675 |
_a659.1 _vBN _zpor |
||
| 675 |
_a659.4 _vBN _zpor |
||
| 700 | 1 |
_aLampreia, _bJ. Martins, _f1948-2020 |
|
| 702 | 1 |
_aDupont, _bPhilippe _4080 |
|
| 801 | 0 |
_aPT _bBN _gRPC |
|
| 990 | _cLIVROS | ||